000 00728nam a22002297a 4500
003 0
005 20250908083750.0
008 250908b xxu||||| |||| 00| 0 eng d
020 _a978-1-444-33537-8
050 _aBF 698.95
_b.H84 2024
100 _aHuff, Chuck,
_eauthor.
245 _aTaking moral action /
_cChuck Huff and Almut Furchert.
260 _aHoboken, NJ :
_bJohn Wily & Sons, Inc.,
_c2024.
300 _ali, 316 pages :
_billustrations ;
_c23 cm.
504 _aIncludes bibliographical references and index.
650 _aEvolutionary psychology.
650 _aBrain.
650 _aSocial problems
_xPsychological aspects.
650 _aImmorality.
700 _aFurchert, Almut,
_eauthor.
942 _2lcc
_cBK
999 _c367809
_d367809